header

Rural women and triple exploitation in Korean development (Record no. 1307)

MARC details
000 -LEADER
fixed length control field 01468nam a2200373 a 4500
082 04 - DEWEY DECIMAL CLASSIFICATION NUMBER
Classification number 330.90082095195
100 1# - MAIN ENTRY--AUTHOR NAME
Personal name Gills, Dong-Sook Shin,
245 10 - TITLE STATEMENT
Title Rural women and triple exploitation in Korean development
260 ## - PUBLICATION, DISTRIBUTION, ETC. (IMPRINT)
Place of publication Basingstoke :
Name of publisher Macmillan,
Year of publication 1999.
300 ## - PHYSICAL DESCRIPTION
Number of Pages xvi, 239 p.
490 1# - SERIES STATEMENT
Series statement International political economy series
650 #0 - SUBJECT ADDED ENTRY--TOPICAL TERM
Topical Term Rural women
856 40 - ELECTRONIC LOCATION AND ACCESS
Uniform Resource Identifier http://site.ebrary.com/lib/rucke/Doc?id=5001702

No items available.

© 2026 Rongo University
Contact us: librarian | system librarian | Rongo university